00222nam a22000857a 4500020001800000100001200018245003900030260005500069300001200124 a9781534435933 aDeborah aBUNNICULA-A Rabbit Tale of Mystery aNew YorkbAtheneum Books for Young Readersc2019 a101 pgs